| 000 | 01426cam a2200289 i 4500 | ||
|---|---|---|---|
| 003 | SA-RiAUC | ||
| 005 | 20250901053536.0 | ||
| 008 | 250830s1985 su g 00000 ara c | ||
| 040 |
_aSA-RiAUC _bara _cSA-RiAUC _erda |
||
| 082 | 0 | 4 | _a811.5 |
| 090 |
_a811.5 _bا ب و ع |
||
| 100 | 1 |
_aأبو العلاء المعري، أحمد بن عبد الله بن سليمان، _d363-449 هجري _eمؤلف. |
|
| 245 | 1 | 0 |
_aعبث الوليد / _cتأليف أبو العلاء المعري ؛ صحح ألفاظه وأوضح غوامضه وأضاف إليه محمد عبد الله المدني ؛ قدم له شكيب أرسلان، محمد حسين هيكل. |
| 250 | _aالطبعة الثالثة. | ||
| 264 | 1 |
_aالرياض : _bدار الرفاعي، _c1985. |
|
| 300 |
_a239 صفحة ؛ _c25 سم. |
||
| 336 |
_aنص _btxt _2rdacontent _3كتاب |
||
| 337 |
_aبدون وسيط _bn _2rdamedia |
||
| 338 |
_aمجلد _bnc _2rdacarrier |
||
| 600 | 1 | 7 |
_aالبحتري، الوليد بن عبيد بن يحيى، _d206-284 هجري _2aucnm |
| 650 | 7 |
_aالشعر العربي _yالعصر العباسي _2aucsh |
|
| 700 | 1 |
_aالمدني، محمد عبد الله _eمصحح. |
|
| 700 | 1 |
_aأرسلان، شكيب، _cالأمير، _d1869-1946 _eمقدم. |
|
| 700 | 1 |
_aهيكل، محمد حسين سالم، _cباشا، _d1888-1956 _eمقدم. |
|
| 942 |
_2ddc _cBOOK _n0 |
||
| 949 |
_aSA-JeALM _d250830 _umohamedma123 _n1 |
||
| 999 |
_c11328 _d11328 |
||